000 00427nam a2200169Ia 4500
003 OSt
005 20230609112152.0
008 210423s2005 xx 000 0 und d
040 _cAL
082 _a155.4 KHWU
_223
100 _aKHWAJA (Ali).
_9123224
245 _aUnderstanding todays child.
260 _aBangalore
_bBanjara Acdemy
_c2005
365 _cINR
906 _achild. ; todays ; Understanding
942 _2ddc
_cBK
999 _c174225
_d174225